000 00869nam a2200241Ia 4500
003 OSt
005 20220923221722.0
006 a|||||r|||| 00| 0
007 ta
008 220922b |||||||| |||| 00| 0 hin d
024 _a199,606
037 _cTextual
040 _aARTS
_cARTS
_bhin
041 _2hin
_ahin
082 _aQ2:332wI94, 152M6
100 _aराकेश, विष्णुदत्त
_9156365
245 0 _aआचार्य श्रीचन्द्र साधना सिदान्त और साहित्य
246 _aĀchārya shrīchandra sādhanā sidānta aur sāhitya
260 _aदिल्ली
_b कनखल हरिदार
_c1986
300 _a183पृ.
_ccm.
942 _hQ2:332wI94, 152M6
_cTEXL
_2CC
999 _c351345
_d351345